| 000 | 00558nam a2200205 i 4500 | ||
|---|---|---|---|
| 001 | 89620 | ||
| 003 | ES-MaACL | ||
| 005 | 20230906180231.0 | ||
| 007 | t| | ||
| 008 | 050111s1950 fr ||||1| fre d | ||
| 100 | 1 |
_aLavelle, Louis. _970701 |
|
| 245 | 1 | 3 |
_aLe mal et la souffrance / _cLouis Lavelle. |
| 250 | _a[Nouv. tirage]. | ||
| 260 |
_aParis : _bPlon et Nourrit, _c[1950] |
||
| 300 |
_aIII, 230 p. ; _c19 cm. |
||
| 490 | 1 |
_aPrésences ; _v4 |
|
| 830 | 0 |
_aPrésences ; _v4 _9182391 |
|
| 852 |
_aES-MaACL _jD-5779 _bR.30953 |
||
| 999 |
_c89620 _d89620 |
||